000 00965nam a2200277 4500
001 0000021025
003 CO-CtgCURN
005 20250331185159.0
007 ta
008 160627s1997 000 0 eng d
020 _a9588038111
040 _aCO-CtgCURN
_bspa
_ccoctgcurn
082 0 _a616
_bD697
245 0 0 _aDolor lumbar /
_cVilla Velez Alvaro...[et. al].
260 _aBogotá :
_bAsociacion Colombiana de Facultades de Medicina,
_c1997.
300 _a32 p.
336 _2rdacontent
337 _2rdamedia
_asin mediacion
_bn
338 _2rdacarrier
_avolumen
_bnc
505 8 _aDolor lumbar no radicular.--Lumbalgia en el embarazo.--Historia clinica y examen fisico.--Dolor lumbar no organico.--Tratamiento del dolor lumbar.--Lumbalgia en el embarazo
650 1 4 _aDolor Lumbar.
700 1 _aAlvaro Villa Velez.
908 _a160627
942 _cBK
_h616
_iD697
_2ddc
999 _c22183
_d22183